| 000 | 00382nam a2200145Ia 4500 | ||
|---|---|---|---|
| 008 | 230917s9999||||xx |||||||||||||| ||und|| | ||
| 040 |
_e194487 _aMAIN |
||
| 041 | _aEnglish | ||
| 082 | _a005.74 G165D | ||
| 100 | _aGarcia-Molina, Hector | ||
| 245 | 0 | _aDatabase system: The complete book | |
| 260 |
_aNew Delhi _bPearson Education _c2011 |
||
| 300 | _axxvii, 1119 p. | ||
| 942 | _cBK | ||
| 999 |
_c157798 _d157798 |
||